Presumed domatia are actually extrafloral nectaries on leaves of Anacardium humile (Anacardiaceae) (Registro n. 330549)
[ somente texto ]
| 000 -LÍDER | |
|---|---|
| fixed length control field | 04063nab a2200289 i 4500 |
| 003 - CÓDIGO MARC DA AGÊNCIA CATALOGADORA | |
| Campo de controle | BR-BrBNA |
| 005 - DATA E HORA DA ÚLTIMA ATUALIZAÇÃO | |
| Campo de controle | 20250320095044.0 |
| 008 - CAMPO DE TAMANHO FIXO | |
| fixed length control field | 250320b2016 bl.qr|pooa||| 00| 0 eng | |
| 040 ## - FONTE DA CATALOGAÇÃO | |
| Agência catalogadora | BR-BrBNA |
| Idioma da catalogação | eng |
| 072 ## - CATEGORIA AGRIS | |
| Código AGRIS | F50 |
| 100 ## - ENTRADA PRINCIPAL - NOME PESSOAL | |
| Nome pessoal | Lacchia, Ana Paula Stechhahn |
| 100 ## - ENTRADA PRINCIPAL - NOME PESSOAL | |
| Nome pessoal | Tölke, Elisabeth Emilia Augusta Dantas |
| 100 ## - ENTRADA PRINCIPAL - NOME PESSOAL | |
| Nome pessoal | Demarco, Diego |
| 100 ## - ENTRADA PRINCIPAL - NOME PESSOAL | |
| Nome pessoal | Carmello-Guerreiro, Sandra Maria |
| 245 ## - TÍTULO PRINCIPAL | |
| Título principal | Presumed domatia are actually extrafloral nectaries on leaves of Anacardium humile (Anacardiaceae) |
| 500 ## - NOTA GERAL | |
| Nota geral | Publicação on-line; Bibliography p. 26-28 (62 ref.); 1 tables; 4 illus.; Summaries (En, Pt) |
| 942 ## - ADDED ENTRY ELEMENTS (KOHA) | |
| Koha item type | Analítica |
| 520 ## - NOTA DE RESUMO | |
| Nota de conteúdo | <br/><br/>Abstract<br/><br/>Presumed domatia are actually extrafloral nectaries on leaves of Anacardium humile (Anacardiaceae), a species<br/>from the Brazilian savannah, is associated with foraging ants, which leads to the description of the structure<br/>of its leaves as domatia. However, the ants collect secretions on the leaves, a phenomenon that inspired us to<br/>elucidate this structure. To this end, we conducted an analysis of the distribution, micromorphology, anatomy<br/>and histochemistry of these supposed domatia. They are located in the axil of thicker leaf veins and are composed<br/>of glandular trichomes which exude glucose; they are, therefore, described here as extrafloral nectaries (EFNs).<br/>The nectariferous trichomes are located at the same level as the other epidermal cells on young leaves, while in<br/>mature leaves they were found in depressions of the leaf blade. The secretory activity of EFNs is limited to juvenile<br/>phases, becoming degenerated in mature leaves. Carbohydrates and lipophilic compounds were detected in the<br/>produced secretion. It can be concluded that the presence of ants foraging leaves to collect from EFNs indicates<br/>a mutualistic interaction, with the plant providing a sugar resource to the ants in return for protection against<br/>herbivory since they are present in developing leaves.<br/><br/>Key words: Cashew, extrafloral nectary, glandular trichomes, histochemistry, nectar.<br/><br/><br/><br/><br/><br/>Resumo<br/><br/>Supostas domácias foliares de Anacardium humile (Anacardiaceae) são na realidade nectários extraflorais –<br/>Anacardium humile, uma espécie do cerrado brasileiro, está associada a formigas forrageadoras, o que leva à<br/>descrição da estrutura presente em suas folhas como domácias. No entanto, as formigas coletam a secreção das<br/>folhas, um fenômeno que inspirou este estudo, que visa justamente elucidar esta estrutura. Por esta razão, foi<br/>realizada uma análise da distribuição, micromorfologia, anatomia e histoquímica das supostas domácias. Elas<br/>estão localizadas nas axilas das nervuras foliares de maior calibre e são compostas por tricomas glandulares. Os<br/>tricomas exsudam glicose, portanto, são descritos aqui como nectários extraflorais (NEFs). Os tricomas nectaríferos<br/>estão localizados no mesmo nível que as células da epiderme em folhas jovens, enquanto, nas folhas maduras,<br/>foram encontradas nas depressões da lâmina foliar. A atividade secretora nos NEFs é limitada a fases juvenis,<br/>degenerando em folhas maduras. Carboidratos e substâncias lipofílicas foram detectados na secreção produzida.<br/>Pode-se concluir que a presença de formigas forrageando folhas para coleta nos NEFs indica uma interação<br/>mutualística, com a planta fornecendo recursos para as formigas em troca de proteção contra herbivoria, uma vez<br/>que as mesmas estão presentes em folhas ainda em desenvolvimento.<br/><br/>Palavras-chave: Caju, nectário extrafloral, tricomas glandulares, histoquímica, néctar |
| 650 ## - ASSUNTO - THESAGRO | |
| Cabeçalho tópico ou nome geográfico | CAJU |
| 650 ## - ASSUNTO - THESAGRO | |
| Cabeçalho tópico ou nome geográfico | ANACARDIUM HUMILE |
| 650 ## - ASSUNTO - THESAGRO | |
| Cabeçalho tópico ou nome geográfico | NÉCTAR |
| 650 ## - ASSUNTO - THESAGRO | |
| Cabeçalho tópico ou nome geográfico | DOMÁCIA |
| 650 ## - ASSUNTO - THESAGRO | |
| Cabeçalho tópico ou nome geográfico | HISTOQUÍMICA |
| 773 0# - ENTRADA ANALÍTICA | |
| Host Biblionumber | 709 |
| Registro do item | 349283 |
| Imprenta | Rio de Janeiro-RJ Jardim Botanico do Rio de Janeiro 1935 |
| Outro identificador | 2025-1802 |
| Título | Rodriguésia (Brazil) |
| ISSN | 0370-6583; 2175-7860 on-line |
| Colação | v. 67(1) p. 019-028; (2016) |
| Número de controle de registro | BR2025000267 |
| 856 ## - ACESSO E ENDEREÇO ELETRÔNICO | |
| Identificador uniforme de recurso - URI | https://www.scielo.br/j/rod/a/yvHF6XcXdkYVMScN6Qr98Ps/?format=pdf&lang=en |
Nenhum exemplar disponível.

BINAGRI